[Event "Titled Tue 17th Jun Late"]
[Site "chess.com INT"]
[Date "2025.06.17"]
[Round "1"]
[White "Tymrakiewicz, Rafal"]
[Black "Lysyj, Igor"]
[Result "0-1"]
[WhiteTitle "FM"]
[BlackTitle "GM"]
[WhiteElo "2206"]
[BlackElo "2582"]
[WhiteFideId "1108832"]
[BlackFideId "4150120"]
[EventDate "2025.06.17"]

1. e4 e5 2. Nf3 Nc6 3. Bb5 a6 4. Bxc6 dxc6 5. Nc3 f6 6. d4 exd4 7. Qxd4 Qxd4 8.
Nxd4 Bd7 9. h4 h5 10. Be3 O-O-O 11. O-O-O Ne7 12. f4 Bg4 13. Rd2 c5 14. Nf3 Rxd2
15. Nxd2 Nc6 16. Nf3 Bd6 17. Nh2 Be6 18. Rd1 Re8 19. Rd2 b6 20. g3 Bf7 21. Nf3
Bg6 22. f5 Bxf5 23. Bf4 Bxf4 24. gxf4 Bxe4 25. Re2 f5 26. Nxe4 fxe4 27. Ng5 Nd4
28. Rxe4 Rxe4 29. Nxe4 Nf5 30. Kd2 Nxh4 31. Ng5 Kd7 32. Kd3 Nf5 33. Ke4 g6 34.
Nf7 Ke6 35. Ne5 Nd6+ 36. Kf3 Kf5 37. Nc6 Nc4 38. Ne7+ Ke6 39. Nxg6 Kf6 40. Nf8
Nxb2 41. Nd7+ Ke6 42. Nf8+ Kf5 43. Nd7 Nc4 44. Nb8 a5 45. Na6 Na3 0-1

[Event "Titled Tue 17th Jun Late"]
[Site "chess.com INT"]
[Date "2025.06.17"]
[Round "1"]
[White "Romany, Joy"]
[Black "Novosel, Lovro"]
[Result "0-1"]
[WhiteTitle "WIM"]
[BlackTitle "FM"]
[WhiteElo "1960"]
[BlackElo "2338"]
[WhiteFideId "10656820"]
[BlackFideId "14547120"]
[EventDate "2025.06.17"]

1. d4 Nf6 2. c4 c5 3. Nc3 cxd4 4. Qxd4 Nc6 5. Qd1 g6 6. g3 Bg7 7. Bg2 O-O 8. Nf3
d6 9. O-O Be6 10. Nd5 Rc8 11. Bf4 Na5 12. b3 Bxd5 13. cxd5 Rc5 14. e4 Nxe4 15.
b4 Nc3 16. Qe1 Rxd5 17. bxa5 Qxa5 18. Bd2 Qc5 19. Rc1 Rd3 20. Qxe7 Qb5 21. Bxc3
Bxc3 22. Qc7 Bf6 23. Rb1 Qa4 24. Rxb7 a5 25. h4 Qxa2 26. Ng5 h6 27. Ne4 Be5 28.
Rc1 a4 29. Rb8 a3 30. Rxf8+ Kxf8 31. Qc8+ Kg7 32. Qb8 Rb3 33. Qa8 Rb1 34. Rxb1
Qxb1+ 35. Kh2 a2 36. h5 a1=Q 0-1

[Event "Titled Tue 17th Jun Late"]
[Site "chess.com INT"]
[Date "2025.06.17"]
[Round "1"]
[White "Kramnik, Vladimir"]
[Black "Baches Garcia, Guillermo"]
[Result "1-0"]
[WhiteTitle "GM"]
[BlackTitle "IM"]
[WhiteElo "2753"]
[BlackElo "2305"]
[WhiteFideId "4101588"]
[BlackFideId "2209764"]
[EventDate "2025.06.17"]

1. e4 d5 2. exd5 Qxd5 3. Nc3 Qa5 4. Nf3 Nf6 5. d4 Bf5 6. Bd2 e6 7. Ne5 Qb6 8.
Nc4 Qxd4 9. Nb5 Qd8 10. Ba5 Na6 11. Be2 Bb4+ 12. c3 Bxa5 13. Qxd8+ Rxd8 14. Nxa5
Be4 15. f3 Bd5 16. O-O-O Ke7 17. c4 Bc6 18. Nxa7 Bd7 19. Nxb7 Ra8 20. Rxd7+ Nxd7
21. Nc6+ Kf6 22. Rd1 Nac5 23. Kb1 Ra6 24. Nba5 Rha8 25. b4 Nb7 26. Rxd7 Nxa5 27.
Nxa5 Rb6 28. Nb3 Rxb4 29. Rxc7 Rba4 30. Nc1 Rb8+ 31. Kc2 Rab4 32. Nb3 Ra8 33.
Kc3 Rba4 34. Nc1 Ra3+ 35. Kb2 g5 36. Bd3 h5 37. h3 h4 38. c5 R3a5 39. Bb1 Rb8+
40. Nb3 Ra4 41. c6 Rc4 42. Be4 Rb6 43. Rb7 1-0

[Event "Titled Tue 17th Jun Late"]
[Site "chess.com INT"]
[Date "2025.06.17"]
[Round "1"]
[White "Dolinskaia, Mariia"]
[Black "Kostov, Deyan Samuil"]
[Result "0-1"]
[WhiteTitle "WCM"]
[BlackTitle "FM"]
[WhiteElo "1998"]
[BlackElo "2352"]
[WhiteFideId "54140064"]
[BlackFideId "30909015"]
[EventDate "2025.06.17"]

1. d4 d5 2. c4 dxc4 3. Nf3 a6 4. e3 Bg4 5. Bxc4 e6 6. O-O Nf6 7. b3 Nc6 8. Bb2
Bd6 9. h3 Bh5 10. Be2 Qe7 11. Nbd2 O-O 12. e4 Bxf3 13. Bxf3 e5 14. d5 Nb8 15.
Nc4 Nbd7 16. Nxd6 cxd6 17. Rc1 Rfc8 18. Qd2 Nc5 19. Qe2 h6 20. Ba3 Nfd7 21. b4
Na4 22. Bg4 Qd8 23. b5 Nc3 24. Rxc3 Rxc3 25. Bxd6 Qe8 26. Bxd7 Qxd7 27. Bxe5 Rc5
28. b6 Re8 29. f4 f6 30. Bc7 Kh8 31. Qf3 Qa4 32. d6 Rc2 33. Qd3 Qxa2 34. Qg3 Rd2
35. e5 Qe6 36. Qe3 Rd5 37. Qf3 fxe5 38. f5 Qf7 39. Qe4 a5 40. Rf3 a4 41. Kh2 Rd4
42. Qxb7 e4 43. Re3 Qxf5 44. Bb8 Qf4+ 0-1

[Event "Titled Tue 17th Jun Late"]
[Site "chess.com INT"]
[Date "2025.06.17"]
[Round "1"]
[White "Ferriz Barrios, Andres"]
[Black "Nihal, Sarin"]
[Result "0-1"]
[WhiteTitle "FM"]
[BlackTitle "GM"]
[WhiteElo "2102"]
[BlackElo "2696"]
[WhiteFideId "5104467"]
[BlackFideId "25092340"]
[EventDate "2025.06.17"]

1. d4 Nf6 2. Nf3 g6 3. g3 Bg7 4. Bg2 O-O 5. O-O b5 6. a4 b4 7. Nfd2 c6 8. c3 a5
9. e4 Na6 10. Re1 Rb8 11. Nc4 d6 12. e5 Nd5 13. Bg5 h6 14. exd6 hxg5 15. Bxd5
exd6 16. Bxc6 d5 17. Ne5 Nc7 18. Qf3 Qd6 19. Bb5 Nxb5 20. axb5 Rxb5 21. Nd2 bxc3
22. bxc3 Bf5 23. g4 Be6 24. Qd3 Rfb8 25. Ndf3 Bxe5 26. Nxe5 Kg7 27. h3 Rb3 28.
Reb1 Rxb1+ 29. Rxb1 Rxb1+ 30. Qxb1 Qa6 31. Qf1 Qa7 32. Qa1 a4 33. Nd3 a3 34. Nb4
Qa4 35. Kf1 Qb3 36. Qa2 Qb2 37. Kg2 Bd7 38. Qxd5 Qxc3 39. Qe5+ Kh7 40. Nd5 Bc6
41. Kh2 Bxd5 42. Qxd5 Qc7+ 43. Kg2 Qa7 44. Qc5 Qxc5 0-1

[Event "Titled Tue 17th Jun Late"]
[Site "chess.com INT"]
[Date "2025.06.17"]
[Round "1"]
[White "Graif, William"]
[Black "Stemmler, Fabian"]
[Result "1-0"]
[WhiteTitle "FM"]
[BlackTitle "CM"]
[WhiteElo "2211"]
[BlackElo "2190"]
[WhiteFideId "2609835"]
[BlackFideId "12964808"]
[EventDate "2025.06.17"]

1. e4 c5 2. Nc3 Nc6 3. Bb5 Nf6 4. Bxc6 dxc6 5. d3 Bg4 6. f3 Bh5 7. g4 Bg6 8. f4
h6 9. f5 Bh7 10. Be3 e6 11. fxe6 fxe6 12. Qe2 Qd7 13. O-O-O O-O-O 14. h4 Bg6 15.
Qg2 h5 16. Bg5 Be7 17. Bxf6 Bxf6 18. g5 Bxc3 19. bxc3 Qc7 20. Nf3 Qa5 21. Kd2
Bxe4 22. Qh3 Bf5 23. Qg3 Bg4 24. Rhe1 Rhf8 25. Re3 Qxa2 26. Rde1 Qd5 27. Ne5 Qd6
28. Nxg4 Qxg3 29. Rxg3 hxg4 30. Rxg4 Rf2+ 31. Re2 Rdf8 32. Re4 Kd7 33. Rxe6
Rxe2+ 34. Rxe2 Rf4 35. Rh2 Rg4 36. Ke3 a5 37. Kf3 Ra4 38. h5 Ke7 39. h6 gxh6 40.
gxh6 Ra1 41. h7 Rf1+ 42. Ke2 Rf8 43. h8=Q 1-0

[Event "Titled Tue 17th Jun Late"]
[Site "chess.com INT"]
[Date "2025.06.17"]
[Round "1"]
[White "Dobre, Claudiu-Cristian"]
[Black "Muradli, Mahammad"]
[Result "0-1"]
[WhiteTitle "IM"]
[BlackTitle "GM"]
[WhiteElo "2287"]
[BlackElo "2609"]
[WhiteFideId "1211854"]
[BlackFideId "13409301"]
[EventDate "2025.06.17"]

1. c4 e6 2. Nc3 d5 3. cxd5 exd5 4. d4 c6 5. Bf4 Bd6 6. Bxd6 Qxd6 7. e3 Ne7 8.
Nge2 Nd7 9. Ng3 Nf6 10. h3 Nf5 11. Nxf5 Bxf5 12. Bd3 Bxd3 13. Qxd3 O-O 14. O-O
Rfe8 15. Rab1 a6 16. Na4 Ne4 17. b4 a5 18. b5 Re6 19. bxc6 bxc6 20. Rfc1 Rg6 21.
Nc5 Nxf2 22. Kxf2 Qg3+ 23. Ke2 Qxg2+ 24. Kd1 Qh2 25. Qe2 Rg2 26. Rc2 Rxe2 27.
Rxe2 Qxh3 28. Kd2 g6 29. a4 h5 30. Rf2 h4 31. Rb7 Rf8 32. Nd7 Qg3 33. Ke2 f5 34.
Nxf8 Kxf8 35. Rh7 Kg8 36. Rb7 h3 37. Rb1 Kg7 38. Rh1 Qg4+ 39. Kd2 c5 0-1

[Event "Titled Tue 17th Jun Late"]
[Site "chess.com INT"]
[Date "2025.06.17"]
[Round "1"]
[White "Janaszak, Dawid"]
[Black "Liyanage, Pesandu Rashmitha"]
[Result "0-1"]
[WhiteTitle "FM"]
[BlackTitle "FM"]
[WhiteElo "2306"]
[BlackElo "2129"]
[WhiteFideId "1119206"]
[BlackFideId "9947876"]
[EventDate "2025.06.17"]

1. e4 e6 2. b3 a5 3. Bb2 a4 4. f4 a3 5. Bc3 Nf6 6. d3 d5 7. e5 Nfd7 8. Nf3 b5 9.
g3 b4 10. Bd2 c5 11. h4 Nc6 12. Bh3 Nd4 13. c3 Nxf3+ 14. Qxf3 Ba6 15. c4 Bb7 16.
O-O Qc7 17. Bg2 O-O-O 18. Be3 d4 19. Qxb7+ Qxb7 20. Bxb7+ Kxb7 21. Bf2 f5 22.
exf6 gxf6 23. Nd2 Rg8 24. Rae1 Re8 25. Kh2 h5 26. Ne4 Rg4 27. Kh3 Kc6 28. Re2 e5
29. Nd2 Re7 30. Rfe1 Rgg7 31. Re4 f5 32. R4e2 exf4 33. gxf4 Nf6 34. Re5 Ng4 35.
Bg1 Nxe5 36. fxe5 Rg4 37. Nf3 Reg7 38. Bh2 Be7 39. e6 f4 40. Ne5+ Kd6 41. Nxg4
hxg4+ 42. Kg2 g3 43. Bg1 Bxh4 44. Re4 Bg5 45. Kf3 Re7 46. Kg4 Rxe6 47. Kf3 Rxe4
48. dxe4 Ke5 0-1

[Event "Titled Tue 17th Jun Late"]
[Site "chess.com INT"]
[Date "2025.06.17"]
[Round "1"]
[White "Xiong, Jeffery"]
[Black "Yin, Evan"]
[Result "1-0"]
[WhiteTitle "GM"]
[WhiteElo "2639"]
[BlackElo "2142"]
[WhiteFideId "2047640"]
[BlackFideId "30953111"]
[EventDate "2025.06.17"]

1. e4 e5 2. Nf3 Nc6 3. Nc3 Nf6 4. d4 exd4 5. Nxd4 Bb4 6. Nxc6 bxc6 7. Bd3 d5 8.
exd5 cxd5 9. O-O O-O 10. h3 h6 11. Qf3 c6 12. Bf4 Be6 13. Ne2 Bd6 14. Rfe1 Re8
15. Rad1 Rb8 16. b3 Nh7 17. Qg3 Bxf4 18. Nxf4 Qg5 19. Bxh7+ Kxh7 20. Qxg5 hxg5
21. Nxe6 Rxe6 22. Rxe6 fxe6 23. Rd4 Kg6 24. Ra4 Rb7 25. Kf1 e5 26. Ke2 Kf5 27.
Ra5 g4 28. h4 g5 29. h5 Kf6 30. Ra4 Kg7 31. Rxg4 Kh6 32. Ra4 Kxh5 33. Ra6 Rc7
34. Kf3 g4+ 35. Kg3 Kg5 36. Ra4 e4 37. Ra5 Kf5 38. Rc5 Ke5 39. Kxg4 Rg7+ 40. Kh3
Kf4 41. Kh2 Rg6 42. Rc3 d4 43. Rc4 Ke5 44. Rc5+ Kd6 45. b4 d3 46. cxd3 exd3 47.
Rc3 Kd5 48. Rxd3+ Kc4 49. Rb3 Rf6 50. f3 Rd6 51. f4 Rd2 52. f5 1-0

[Event "Titled Tue 17th Jun Late"]
[Site "chess.com INT"]
[Date "2025.06.17"]
[Round "1"]
[White "Suvradeepta, Das"]
[Black "Rosen, Eric"]
[Result "0-1"]
[WhiteTitle "FM"]
[BlackTitle "IM"]
[WhiteElo "2230"]
[BlackElo "2377"]
[WhiteFideId "5058031"]
[BlackFideId "2032562"]
[EventDate "2025.06.17"]

1. d4 e6 2. Nf3 f5 3. d5 Nf6 4. dxe6 d5 5. Nd4 g6 6. Bf4 c5 7. Nb5 Na6 8. e3
Bxe6 9. Be2 Be7 10. O-O O-O 11. Nd2 Qd7 12. Nf3 Rfd8 13. Qe1 Qe8 14. Qa5 Nh5 15.
Be5 Bd7 16. a4 Bc6 17. Rfd1 Bf8 18. c3 g5 19. Nxg5 Qxe5 20. Bxh5 Rd7 21. Bf3 Rg7
22. Nh3 Nc7 23. Nxc7 Rxc7 24. Nf4 Rd7 25. Nd3 Qg7 26. Rac1 b6 27. Qa6 Rad8 28.
Nf4 Qf7 29. Qe2 Bh6 30. Nd3 Re7 31. b4 c4 32. Nb2 Rde8 33. Qc2 Kh8 34. Rd2 f4
35. exf4 Bxf4 36. Re2 Bxc1 37. Rxe7 Qxe7 0-1

[Event "Titled Tue 17th Jun Late"]
[Site "chess.com INT"]
[Date "2025.06.17"]
[Round "1"]
[White "Makaraci, Tunahan"]
[Black "Bryakin, Mikhail"]
[Result "0-1"]
[WhiteTitle "FM"]
[BlackTitle "GM"]
[WhiteElo "2233"]
[BlackElo "2462"]
[WhiteFideId "6356559"]
[BlackFideId "4165314"]
[EventDate "2025.06.17"]

1. e4 b6 2. d4 Bb7 3. Bd3 e6 4. Nc3 Nf6 5. Nf3 h6 6. O-O g5 7. Re1 Bg7 8. e5 Nd5
9. Nxd5 Bxd5 10. c4 Bb7 11. Be4 Bxe4 12. Rxe4 d5 13. exd6 cxd6 14. Bd2 d5 15.
Qa4+ Qd7 16. Qxd7+ Kxd7 17. cxd5 exd5 18. Ne5+ Bxe5 19. Rxe5 Nc6 20. Rxd5+ Ke6
21. Rb5 Nxd4 22. Re1+ Kd6 23. Bb4+ Kc6 24. Rbe5 Rad8 25. Bc3 Rd7 26. Re7 Rhd8
27. Bxd4 Rxe7 28. Rxe7 Rxd4 29. g3 Rd7 30. Rxd7 Kxd7 31. Kf1 Ke6 32. Ke2 Ke5 33.
Ke3 h5 34. f4+ gxf4+ 35. gxf4+ Kd5 36. Kd3 h4 37. h3 b5 38. b3 a6 39. Ke3 a5 40.
Kd3 a4 41. bxa4 bxa4 42. a3 f5 43. Kc3 Ke4 44. Kb4 Kf3 45. Kxa4 Kg3 46. Kb4 Kxh3
47. a4 Kg3 48. a5 h3 49. a6 h2 50. a7 h1=Q 0-1

[Event "Titled Tue 17th Jun Late"]
[Site "chess.com INT"]
[Date "2025.06.17"]
[Round "1"]
[White "Csonka, Balazs"]
[Black "Fikiet, Alex"]
[Result "1-0"]
[WhiteTitle "IM"]
[WhiteElo "2467"]
[BlackElo "2151"]
[WhiteFideId "742910"]
[BlackFideId "2052717"]
[EventDate "2025.06.17"]

1. c4 e5 2. Nc3 Bb4 3. e4 Bxc3 4. dxc3 Nf6 5. Bd3 d6 6. Ne2 a5 7. a4 O-O 8. Bg5
h6 9. Bh4 Nbd7 10. Bc2 Re8 11. O-O Nf8 12. f4 exf4 13. Nxf4 g5 14. Nh5 N8h7 15.
Nxf6+ Nxf6 16. Bg3 Qe7 17. Qf3 Ng4 18. e5 Nxe5 19. Qh5 Qe6 20. Bxe5 dxe5 21.
Rae1 Qb6+ 22. Kh1 Be6 23. Rxe5 Kg7 24. h4 g4 25. Bf5 Bxc4 26. Qxg4+ Kf8 27.
Rxe8+ Rxe8 28. Qxc4 Re7 29. Qd4 Qxd4 30. cxd4 Kg7 31. Rf2 Re1+ 32. Kh2 Rd1 33.
Rc2 c6 34. Rc4 Rd2 35. b3 Kf6 36. Bc8 b5 37. Rxc6+ Ke7 38. axb5 Rxd4 39. Ra6 Rb4
40. Rxa5 Rxb3 41. Bg4 Kf6 42. Bf3 Ke5 43. b6+ Kf4 44. b7 f5 45. Ra8 Rxb7 46.
Bxb7 1-0

[Event "Titled Tue 17th Jun Late"]
[Site "chess.com INT"]
[Date "2025.06.17"]
[Round "1"]
[White "Tamames Soria, Cesar Manuel"]
[Black "Lisenkov, Svyatoslav"]
[Result "0-1"]
[WhiteTitle "IM"]
[BlackTitle "CM"]
[WhiteElo "2221"]
[BlackElo "2283"]
[WhiteFideId "3529169"]
[BlackFideId "34264183"]
[EventDate "2025.06.17"]

1. d4 Nf6 2. Nf3 g6 3. e3 Bg7 4. Be2 O-O 5. O-O d6 6. c4 Nbd7 7. Nc3 e5 8. h3 e4
9. Nd2 Re8 10. Qc2 Qe7 11. b4 h5 12. a4 Nf8 13. a5 N8h7 14. b5 Ng5 15. Ba3 Nxh3+
16. gxh3 Bxh3 17. Rfc1 Ng4 18. Ndxe4 Qh4 19. Bf3 f5 20. Nxd6 cxd6 21. Bxd6 Qg5
22. Bf4 Qh4 23. a6 bxa6 24. Rxa6 Kh7 25. b6 Nxe3 26. fxe3 Rxe3 27. Bxe3 Qg3+ 28.
Bg2 Qxe3+ 29. Kh1 Bxg2+ 30. Kxg2 h4 31. Rh1 Qg3+ 32. Kf1 Re8 33. Qf2 Qd3+ 34.
Ne2 g5 35. bxa7 Bxd4 36. Rxh4+ gxh4 37. Qxh4+ Kg8 38. Qg5+ Bg7 39. Qg2 Qd1+ 40.
Kf2 Rxe2+ 0-1

[Event "Titled Tue 17th Jun Late"]
[Site "chess.com INT"]
[Date "2025.06.17"]
[Round "1"]
[White "Dauer, Andre Leonardo"]
[Black "Schmider, Niklas"]
[Result "1-0"]
[WhiteTitle "CM"]
[BlackTitle "IM"]
[WhiteElo "2138"]
[BlackElo "2421"]
[WhiteFideId "2126915"]
[BlackFideId "12993778"]
[EventDate "2025.06.17"]

1. e4 e5 2. Nf3 Nc6 3. d4 exd4 4. Bc4 Bb4+ 5. c3 dxc3 6. O-O d6 7. bxc3 Bc5 8.
Ng5 Ne5 9. Bb3 h6 10. Qh5 Nf6 11. Qh4 O-O 12. Nf3 Ng6 13. Qg3 Kh7 14. Nd4 Nxe4
15. Qe3 d5 16. Nd2 Nf6 17. N2f3 c6 18. Bc2 Re8 19. Qd3 Kg8 20. Bd2 Bf8 21. Rfe1
Bd7 22. Nf5 Qc7 23. g3 Rxe1+ 24. Rxe1 Re8 25. Rxe8 Bxe8 26. h4 Ne5 27. Qe2 Nxf3+
28. Qxf3 Bd7 29. Nxh6+ gxh6 30. Qxf6 Bg7 31. Qf3 Qe5 32. Bf4 Qxc3 33. Qxc3 Bxc3
34. Bxh6 c5 35. Be3 d4 36. Bc1 c4 37. Kf1 d3 38. Bd1 Bb5 39. f4 Ba5 40. Kf2 c3
41. Ke3 c2 42. Bf3 Bb6+ 43. Kd2 Ba5+ 44. Ke3 Bc4 45. Be4 Bb6+ 46. Kd2 Ba5+ 47.
Ke3 1-0

[Event "Titled Tue 17th Jun Late"]
[Site "chess.com INT"]
[Date "2025.06.17"]
[Round "1"]
[White "Beulen, Marcel"]
[Black "Aslanov, Umid"]
[Result "0-1"]
[WhiteTitle "FM"]
[BlackTitle "FM"]
[WhiteElo "2359"]
[BlackElo "2298"]
[WhiteFideId "1001450"]
[BlackFideId "13412620"]
[EventDate "2025.06.17"]

1. e4 c6 2. Nc3 g6 3. d4 Bg7 4. Be3 d5 5. f3 b5 6. Qd2 a6 7. h4 h5 8. Nh3 Bxh3
9. Rxh3 Nf6 10. Bd3 e6 11. Ne2 Nbd7 12. O-O-O Nb6 13. Bg5 Qc8 14. Kb1 Rb8 15.
Qf4 Nfd7 16. Rhh1 c5 17. dxc5 Nxc5 18. Qd6 Rb7 19. Rhe1 Qc7 20. Qxc7 Rxc7 21.
Nf4 d4 22. Ne2 e5 23. Bd2 Nc4 24. Bc1 O-O 25. c3 Nxd3 26. Rxd3 dxc3 27. Nxc3 Nb6
28. Be3 Nc4 29. Nd5 Rb7 30. Bc1 Rc8 31. Red1 Bf8 32. b3 Na3+ 33. Bxa3 Bxa3 34.
Rc3 Rxc3 35. Nxc3 Rc7 36. Rd3 Kg7 37. g3 b4 38. Ne2 a5 39. f4 Kf6 40. Rd5 exf4
41. gxf4 Re7 42. e5+ Kf5 43. Rd4 Kg4 44. Nc1 Rc7 45. Nd3 Rc3 46. Rd5 Kxh4 47.
Rxa5 Rxd3 0-1

[Event "Titled Tue 17th Jun Late"]
[Site "chess.com INT"]
[Date "2025.06.17"]
[Round "1"]
[White "Thake, Conrad"]
[Black "Martinez Fernandez, Adrian"]
[Result "0-1"]
[WhiteTitle "CM"]
[BlackTitle "IM"]
[WhiteElo "1873"]
[BlackElo "2404"]
[WhiteFideId "5602947"]
[BlackFideId "32049048"]
[EventDate "2025.06.17"]

1. e4 d6 2. d4 Nf6 3. Nc3 e5 4. Nf3 Nbd7 5. Bg5 Be7 6. Be2 O-O 7. O-O c6 8. Qd2
Qc7 9. h3 Re8 10. a4 a5 11. Rad1 Nf8 12. Bxf6 Bxf6 13. d5 Be7 14. Bd3 Ng6 15.
Ne2 cxd5 16. exd5 f5 17. Bb5 Rf8 18. Qc3 Qb6 19. Ng3 Nf4 20. Rfe1 Bf6 21. Qd2 h6
22. c3 g5 23. Ne2 Nh5 24. Nh2 e4 25. Nd4 Nf4 26. Nf1 Be5 27. Ne3 Ng6 28. Nc4 Qc5
29. Nxe5 dxe5 30. Ne6 Bxe6 31. dxe6 Nf4 32. Qd7 Rae8 33. Rd6 Ng6 34. e7 Nxe7 35.
Rxh6 Qc8 36. Qd6 Kg7 37. Bxe8 Qxe8 38. Qe6 Nc6 39. Qd6 Qe7 40. Qxe7+ Nxe7 41.
Rb6 Rb8 42. Rd1 Nc8 0-1

[Event "Titled Tue 17th Jun Late"]
[Site "chess.com INT"]
[Date "2025.06.17"]
[Round "1"]
[White "Logachiov, Aleksandr"]
[Black "Shandrygin, Nikita"]
[Result "0-1"]
[WhiteTitle "CM"]
[BlackTitle "FM"]
[WhiteElo "2129"]
[BlackElo "2209"]
[WhiteFideId "24123706"]
[BlackFideId "24198668"]
[EventDate "2025.06.17"]

1. c4 Nf6 2. Nc3 d5 3. cxd5 Nxd5 4. g3 g6 5. Bg2 Nb6 6. Nf3 Bg7 7. d3 Nc6 8. O-O
O-O 9. Be3 e5 10. Rc1 Nd4 11. Ne4 h6 12. Nxd4 exd4 13. Bd2 c6 14. Bb4 Re8 15.
Nd6 Re6 16. Nxc8 Rxc8 17. Bh3 f5 18. Qb3 Qd5 19. Qc2 Rce8 20. Rfe1 Qd7 21. a4
Nd5 22. Ba3 Bf8 23. Bxf8 Rxf8 24. Bg2 Qd6 25. Qc5 Qxc5 26. Rxc5 Nb4 27. Rc4 Nxd3
28. Rb1 Rxe2 29. Bf1 Re1 30. Rxe1 Nxe1 31. Be2 d3 32. Kf1 dxe2+ 33. Kxe1 Re8 34.
Rc2 Kf7 35. Rxe2 Rxe2+ 36. Kxe2 Ke6 37. Kd3 Kd5 38. b3 b5 39. a5 c5 40. f4 c4+
41. bxc4+ bxc4+ 42. Kc3 Kc5 43. h4 a6 44. Kd2 Kd4 45. Kc2 h5 46. Kd2 Kc5 47. Kc3
Kb5 48. Kd4 Kb4 49. Ke5 c3 50. Kf6 c2 51. Kxg6 c1=Q 52. Kxh5 Qd1+ 0-1

[Event "Titled Tue 17th Jun Late"]
[Site "chess.com INT"]
[Date "2025.06.17"]
[Round "1"]
[White "Bellissimo, Joseph F."]
[Black "Hofstadler, Mario"]
[Result "0-1"]
[BlackTitle "CM"]
[WhiteElo "2203"]
[BlackElo "2172"]
[WhiteFideId "2609843"]
[BlackFideId "1660497"]
[EventDate "2025.06.17"]

1. e4 e5 2. Nf3 Nf6 3. Nxe5 d6 4. Nf3 Nxe4 5. Nc3 Nxc3 6. dxc3 Be7 7. Bf4 Bf6 8.
Bd3 Nc6 9. Qd2 Bg4 10. O-O-O O-O 11. h3 Bxf3 12. gxf3 Ne5 13. Be4 Ng6 14. Be3 c6
15. Rhg1 d5 16. Bf5 Re8 17. Kb1 Ne5 18. Bd4 Kh8 19. Qf4 Ng6 20. Bxg6 hxg6 21. h4
Bxd4 22. Qxd4 Qf6 23. h5 Qxd4 24. Rxd4 gxh5 25. Rh4 g6 26. f4 Re2 27. f5 Rxf2
28. fxg6 fxg6 29. b3 Kg7 30. Rxh5 Rf1+ 31. Rxf1 gxh5 32. Re1 Rf8 33. Kb2 h4 34.
a3 h3 35. Re7+ Kg6 36. Re3 Rh8 37. Rg3+ Kf5 38. Rg1 h2 39. Rh1 Kf4 40. c4 dxc4
41. bxc4 Kg3 42. Kc3 Kg2 43. Rxh2+ Kxh2 44. Kd4 Kg3 45. Kc5 Kf4 46. Kd6 Rh7 47.
Kc5 Ke5 48. a4 Ke6 49. a5 Kd7 50. c3 Kc7 51. Kb4 a6 52. c5 Rh5 53. c4 Rg5 54.
Kb3 Rxc5 55. Kb4 Rh5 56. Kb3 Rxa5 57. Kb4 Rh5 58. Kb3 Kb6 59. Kb4 a5+ 60. Ka4
Ka6 61. Kb3 b5 62. cxb5+ cxb5 63. Ka3 Rh3+ 64. Kb2 Kb6 65. Kc2 Kc5 66. Kb2 a4
67. Ka2 Kb4 68. Kb2 Rh2+ 69. Kc1 Kc3 70. Kb1 b4 71. Ka1 b3 72. Kb1 Rh1# 0-1

[Event "Titled Tue 17th Jun Late"]
[Site "chess.com INT"]
[Date "2025.06.17"]
[Round "1"]
[White "Zlatin, Alexander"]
[Black "Vazelakis, Dimitrios"]
[Result "1-0"]
[WhiteTitle "FM"]
[WhiteElo "2313"]
[BlackElo "1857"]
[WhiteFideId "2810549"]
[BlackFideId "4203674"]
[EventDate "2025.06.17"]

1. e4 d6 2. Nc3 Nf6 3. d4 e5 4. dxe5 dxe5 5. Qxd8+ Kxd8 6. Bc4 Ke8 7. a3 Bd6 8.
Bg5 Be6 9. Bxe6 fxe6 10. f3 Nc6 11. O-O-O Ke7 12. h4 a6 13. Nh3 b5 14. Nf2 h6
15. Be3 Rhb8 16. Nd3 a5 17. a4 b4 18. Nb5 Nd7 19. h5 Nb6 20. b3 Na7 21. Nxa7
Rxa7 22. Bxb6 Rxb6 23. Nb2 Rb8 24. Nc4 Rd8 25. Rh4 Ra6 26. Rg4 Kf7 27. Nxe5+ Kf6
28. f4 Raa8 29. Rg6+ Ke7 30. Rxg7+ Kf8 31. Rh7 Bxe5 32. fxe5 Rxd1+ 33. Kxd1 Rd8+
34. Ke2 Rd4 35. Ke3 Rd1 36. Rxh6 Rc1 37. Kd2 Rg1 38. Rf6+ Ke7 39. Rf2 Rh1 40. g4
Rg1 41. Rf4 c5 42. h6 Rg2+ 43. Kd3 Rh2 44. g5 Rg2 45. h7 Rh2 46. g6 Rh3+ 47. Kc4
Rh6 48. g7 1-0

[Event "Titled Tue 17th Jun Late"]
[Site "chess.com INT"]
[Date "2025.06.17"]
[Round "1"]
[White "Alvarado, Carlos"]
[Black "Haug, Havard"]
[Result "1-0"]
[WhiteTitle "CM"]
[BlackTitle "FM"]
[WhiteElo "2032"]
[BlackElo "2354"]
[WhiteFideId "3800555"]
[BlackFideId "1547887"]
[EventDate "2025.06.17"]

1. Nf3 d5 2. b3 Bg4 3. Bb2 Nd7 4. e3 Ngf6 5. Be2 e6 6. h3 Bxf3 7. Bxf3 Bd6 8. c4
c6 9. O-O O-O 10. Nc3 Qe7 11. a4 a5 12. d4 Bb4 13. Na2 Rfd8 14. Nxb4 axb4 15. c5
e5 16. Qd2 exd4 17. exd4 b6 18. cxb6 Nxb6 19. Rfe1 Qd6 20. Re5 Nbd7 21. Rae1 h6
22. Bc1 Re8 23. Qb2 Nxe5 24. dxe5 Qc7 25. Bf4 Nd7 26. Bg3 Nc5 27. Qc2 Ne6 28.
Rc1 Nd4 29. Qd1 Nxf3+ 30. gxf3 Qd7 31. Kg2 Rac8 32. Rc5 Qf5 33. Qd4 Red8 34. a5
Qb1 35. Qxb4 Qa2 36. Qb6 d4 37. Rxc6 Rb8 38. Qc5 d3 39. e6 Qxb3 40. Bxb8 Rxb8
41. e7 Kh7 42. Rd6 Rb5 43. Qd4 Rg5+ 44. Kh2 Qa2 45. Qxd3+ f5 46. Qd2 Qa1 47.
Qxg5 Qe5+ 48. Qg3 Qxe7 49. Qg6+ Kh8 50. Re6 Qc7+ 1-0

[Event "Titled Tue 17th Jun Late"]
[Site "chess.com INT"]
[Date "2025.06.17"]
[Round "1"]
[White "Ambartsumova, Karina"]
[Black "Kjaergaard-Jensen, Jesper"]
[Result "1-0"]
[WhiteTitle "IM"]
[BlackTitle "CM"]
[WhiteElo "2403"]
[BlackElo "2081"]
[WhiteFideId "4166299"]
[BlackFideId "1406990"]
[EventDate "2025.06.17"]

1. Nf3 Nf6 2. c4 c6 3. Nc3 d6 4. e3 e5 5. d4 Nbd7 6. e4 Be7 7. Be2 Qc7 8. O-O h6
9. Qc2 Nf8 10. Rd1 g5 11. c5 Ng6 12. cxd6 Bxd6 13. dxe5 Nxe5 14. Nxe5 Bxe5 15.
h3 Bd7 16. Be3 Qc8 17. Bf1 Nh5 18. Bd4 Qc7 19. Nb5 Qb8 20. Bxe5 Qxe5 21. Nd6+
Kf8 22. Nxb7 Be6 23. Qc5+ Qxc5 24. Nxc5 Ke7 25. Ba6 Rab8 26. b3 Nf4 27. Kf1 Bc8
28. Bxc8 Rhxc8 29. Rd7+ Ke8 30. Rad1 Rb5 31. Na4 a5 32. Ra7 Ng6 33. Rdd7 Ne5 34.
Re7+ Kf8 35. g3 Re8 36. Rxe8+ Kxe8 37. Ke2 Nd7 38. f4 Ke7 39. Ke3 gxf4+ 40. gxf4
Rh5 41. Kd4 Kd6 42. e5+ Ke6 43. Ke4 f5+ 44. Kd4 Rxh3 45. Rc7 Rf3 46. Rxc6+ Ke7
47. Rxh6 Rxf4+ 48. Kd5 Re4 49. Rh7+ Ke8 50. Rxd7 Kxd7 51. Nc5+ Ke7 52. Nxe4 fxe4
53. Kxe4 1-0